Klasifikácia superpixelov za účelom segmentácie a rozpoznávania objektov

Na minha lista:
Detalhes bibliográficos
Autor principal: Železňák, Andrej (Author)
Outros Autores: Benešová, Vanda (Thesis advisor)
Formato: Manuscrito Livro
Idioma:eslovaco
Publicado em: 2016
Assuntos:
Acesso em linha:http://is.stuba.sk/zp/portal_zp.pl?podrobnosti=119355
Tags: Adicionar Tag
Sem tags, seja o primeiro a adicionar uma tag!

MARC

LEADER 00000ntm a22000003a 4500
001 stuzp59034
003 SK-STU
005 20160719155738.1
007 ta
008 150427s2015----xo-----f-mn---000-0-slo-d
040 |a STU  |b slo 
041 0 |a slo 
100 1 |a Železňák, Andrej  |u 070400  |k Z4  |4 aut  |U FIIT Fakulta informatiky a informačných technológií  |T FIIT Ústav počítačového inžinierstva a aplikovanej informatiky  |X 7748  |U I400  |Y 672  |7 A000007748 
242 0 1 |a Classification superpixels for the purpose of segmentation and object recognition  |y eng 
245 1 0 |a Klasifikácia superpixelov za účelom segmentácie a rozpoznávania objektov 
260 |c 2016 
650 4 |a rozpoznávanie objektov  |2 slo 
650 4 |a superpixely  |2 slo 
650 4 |a binárny deskriptor  |2 slo 
650 4 |a superpixels  |2 eng 
650 4 |a object recognition  |2 eng 
650 4 |a binary descriptor  |2 eng 
700 1 |a Benešová, Vanda  |u 070400  |k Z1  |4 ths  |U FIIT Fakulta informatiky a informačných technológií  |T FIIT Ústav počítačového inžinierstva a aplikovanej informatiky  |X 63121  |U I400  |Y 672  |7 63121 
856 4 |u http://is.stuba.sk/zp/portal_zp.pl?podrobnosti=119355 
996 |b 8282  |c I* DIP 106/2016  |l II680  |s P  |a 0  |w stuzp59034_0001 
SQL |a stuzp59034  |b DDP  |c SLO  |d Klasifikácia superpixelov za účelom segmentácie a rozpoznávania objektov  |e 7748  |f Železňák, Andrej  |g 070400  |h 63121  |i Benešová, Vanda  |j 20160613  |k 205  |l 07  |m http://is.stuba.sk/zp/portal_zp.pl?podrobnosti=119355  |n I-IS2  |o 9.2.6. informačné systémy